| 000 | 01021 a2200277 4500 | ||
|---|---|---|---|
| 003 | OSt | ||
| 005 | 20260129104631.0 | ||
| 008 | 120308t xxu||||| |||| 00| 0 eng d | ||
| 010 | _a 94131121 | ||
| 020 | _a1854901893 (HB) | ||
| 020 | _a1854901907 (PB) | ||
| 035 | _a(OCoLC)28703552 | ||
| 040 | _c0 | ||
| 082 | 0 | 0 | _a720.92 |
| 100 | 1 |
_aMoss, Eric Owen, _932588 |
|
| 245 | 1 | 0 | _aEric Owen Moss. |
| 260 |
_aLondon : _bAcademy Editions ; _aBerlin : _bErnst & Sohn ; _aNew York, NY : _bDistributed to the trade in the U.S.A. by St. Martin's Press, _c1993. |
||
| 300 |
_a144 p. : _bill. (some col.) ; _c32 cm. |
||
| 490 | 1 |
_aArchitectural monographs, _x0141-2191 ; _vno. 29 |
|
| 500 | _aIncludes index | ||
| 600 | 1 | 0 |
_aMoss, Eric Owen, _d1943- _xThemes, motives. _932589 |
| 650 | 0 |
_aArchitecture _zUnited States _xHistory _y20th century. _932294 |
|
| 830 | 0 |
_aArchitectural monographs (London, England) ; _932487 |
|
| 942 |
_aSADA _cBK _k720.92 MOS 1993 _2ddc |
||
| 999 |
_c352436 _d352436 |
||